00601nam a2200169Ia 4500003000400000008004100004040001600045082001800061100004700079245012700126700001900253300001100272490004000283650003600323650003400359650003800393GCL140319s9999 xx 000 0 ara d aGCL / cGCL04a953.06bم ح1 aمحمد عبدالهادى ابوريدة10aالحضارة الاسلامية فى القرن الرابع الهجرى / cمحمد عبدالهادى ابوريدة1 aمتز, ادم a382 ص aالالف كتاب الثانىv004aالتاريخ الاسلامى04aالدولة العباسية04aالحضارة الاسلامية